000 00207 a2200109 4500
020 _a1572576006
041 _aspa
100 _aKing, Susan
245 _aMi abuelito roncaba
942 _cBK
999 _c29592
_d29590
999 _d29590